| 000 | 00803cai a22001935a 4500 | ||
|---|---|---|---|
| 001 | L158106 | ||
| 008 | 106113u xxk g 000 0 eng d | ||
| 035 | _a(Sirsi) u158106 | ||
| 041 | 0 | _aeng | |
| 110 | 2 | _aCBRE | |
| 245 | 0 | 0 |
_aCBRE UK Research Gateway _h[electronic resource] |
| 520 | _aA research gateway giving access to a range of information sources providing market insight into UK real estate market. Provides access to data and trends on retail rents, capital values, office rents and industrial sector and investment and lists the latest UK research reports. | ||
| 590 | _aKA | ||
| 651 | 4 | _aUnited Kingdom | |
| 690 |
_aCommercial property _96227 |
||
| 690 |
_aResidential property _96266 |
||
| 856 | 4 | 0 |
_uhttps://www.cbre.co.uk/uk-en/research _z View the website at www.cbre.co.uk |
| 942 | _n0 | ||
| 999 |
_c121014 _d121014 |
||